00724 2200229 4500001002100000005001700021008004100038020002200079035002400101040001200125082001200137090002200149100003600171245014600207250001100353260003800364300002500402650001900427700001500446850001200461999002100473YOGYA-0912000000005420120924140156.0 ind  a978-602-129-073-5 0010-091200000000054 aYOPDYOG a297.246 aDep 297.246 Mur K aMURDODININGRAT,K.R.M.T.H, 1938- aKisah Teladan 25 Nabi dan Rasul Dalam Al-Quran, Disertai Kompilasi Lengkap Ayat-Ayat RujukancK.R.M.T.H Murdodiningrat; Penyunting Rh. Widada aCet. 1 aYogyakartabPustaka Pelajarc2012 aXII, 847 hlm.c23 Cm aNabi dan Rasul aWidada, RH aYOPDYOG aCB-D.11 2012-599